000 00718nam a22002292 4500
001 0000012638
005 20151217145856.0
008 090227s xx 000 0 eng d
020 _a0866010696 :
040 _aKABU
_cKABU
100 1 _aHarmeyer, Kathleen M.
_@0000169520
245 1 0 _aMathematics for consumers /
_cKathleen M. Harmeyer.
250 _a1st ed.
260 _aBaltimore, Maryland :
_bMedia Materials,
_c1983.
300 _ax, 266 p.
650 0 _aMathematics.
_@0000148159
650 0 _aBusiness mathematics.
_@0000148324
852 1 _9p500 KES
852 1 _9p500 KES
908 _a090227
950 _@1
999 _c3582
_d3582